2025-2026 New York Giants Roster - Statistics

General Stats
  • This quiz has been taken 42 times
    27 since last reset
  • The average score is 23 of 52
Answer Stats
Position Name % Correct
Quarterback Jaxson Dart
96%
Wide Receiver Malik Nabers
96%
Quarterback Russell Wilson
96%
Running Back Cameron Skattebo
92%
Quarterback Jameis Winston
92%
Running Back Tyrone Tracy Jr.
92%
Tight End Theo Johnson
88%
Wide Receiver Wan’Dale Robinson
88%
Tight End Daniel Bellinger
80%
Wide Receiver Darius Slayton
76%
Running Back Devin Singletary
76%
Offensive Lineman Andrew Thomas
68%
Linebacker Brian Burns
60%
Defensive Lineman Dexter Lawrence II
60%
Linebacker Abdul Carter
56%
Linebacker Bobby Okereke
56%
Running Back Eric Gray
56%
Offensive Lineman Evan Neal
56%
Wide Receiver Jalin Hyatt
56%
Safety Jevon Holland
52%
Cornerback Paulson Adebo
52%
Wide Receiver Isaiah Hodgins
48%
Linebacker Kayvon Thibodeaux
44%
Linebacker Micah McFadden
44%
Offensive Lineman Greg Van Roten
40%
Offensive Lineman John Michael Schmitz
40%
Safety Tyler Nubin
40%
Tight End Chris Manhertz
36%
Punter Jamie Gillan
36%
Offensive Lineman Jon Runyan
36%
Safety Dane Belton
32%
Running Back Dante Miller
32%
Wide Receiver Gunner Olszewski
32%
Offensive Lineman Jermaine Eluemunor
28%
Cornerback Andru Phillips
24%
Long Snapper Casey Kreiter
24%
Offensive Lineman Marcus Mbow
24%
Tight End Thomas Fidone II
24%
Placekicker Ben Sauls
20%
Defensive Lineman Rakeem Nunez-Roches
20%
Wide Receiver Beaux Collins
16%
Defensive Lineman Darius Alexander
16%
Cornerback Korie Black
16%
Cornerback Nic Jones
16%
Offensive Lineman Bryan Hudson
12%
Linebacker Darius Muasau
12%
Offensive Lineman James Hudson III
12%
Linebacker Zaire Barnes
8%
Wide Receiver Dalen Cambre
4%
Cornerback Cor’Dale Float
0%
Cornerback Deonte Bamks
0%
Defensive Lineman Roy Robertson-HarrisRak
0%
No matching quizzes found
Score Distribution
Percent of People with Each Score
Percentile by Number Answered
Your Score History
You have not taken this quiz since the last reset